LEADER 00596nab a2200145 i 4500 001 000000265040 003 CaOOAMICUS 005 20060928000000.0 008 060928n xx uu u0 0und r 013 $a7990 040 $aSeMil$bita 245 10$aIntercettazioni :$brispettare le regole. - 27 c. - Titolo principale dalla prima pagina. 500 $a27 settembre 2006 (N. 1503). 773 0 $t[2006.$dRoma : Società per l'Informazione Religiosa (SIR), stampa 2006.$w()151691 996 $6245$aIntercettazioni :$brispettare le regole. - 27 c. - Titolo principale dalla prima pagina.$9(OLS)http://semarc/title/357256 LEADER 01400nam a2200301 i 4500 001 000000101999 003 CaOOAMICUS 005 20130821000000.0 008 130821s1962 xx u000 u und u 013 $a74151 040 $aSeMil$bita 100 0 $aPaulus VI,$c.$0(OLS)http://semarc/name/803 245 10$aConcilio ecumenico. Testo del cardinale Giovanni Battista Montini. Il papa del concilio di Enrico Manfrini. 260 $a[S.l. :$bs.n.],$c1962$e(Milano :$fIndustrie Grafiche Pietro Vera,$g1962) 300 $a52 p. 600 04$aPaolo VI .$0(OLS)http://semarc/subject/713 600 04$aGiovanni XXIII .$0(OLS)http://semarc/subject/3422 650 4$aArte.$0(OLS)http://semarc/subject/1231 650 4$aConcilio Vaticano II <1962-1965>.$0(OLS)http://semarc/subject/283 700 1 $aManfrini, Enrico.$0(OLS)http://semarc/name/43775 850 $aSeMil 852 $aSeMil$W1$xVenegono$y1$m598 45 1 *$j58624$B58624$CSeMilBibl$Z2$F69510 $81 900 1 $aMontini, Giovanni Battista,$d<1897-1978>. 900 0 $aPaolo VI$c. 996 $6245$aConcilio ecumenico. Testo del cardinale Giovanni Battista Montini. Il papa del concilio di Enrico Manfrini$9(OLS)http://semarc/title/148743 996 $6260$a[S.l. :$bs.n.]$9(OLS)http://semarc/publisher/29751